| 000 | 00325 a2200121 4500 | ||
|---|---|---|---|
| 020 | _a9814126438 | ||
| 082 | _a530 HAL | ||
| 100 | _aHalliday,David | ||
| 245 |
_aStudent Solutions Manual Physics [Vol.1,2] _cDavid Halliday |
||
| 250 | _a5th. ed. | ||
| 260 |
_aIndia : _bJohn wiley and sons, _c2006. |
||
| 300 |
_a393p. : _bill. ; _c23 cm. |
||
| 650 | _aphysics | ||
| 999 |
_c578 _d578 |
||